Представление документа в формате RUSMARC

ПолеНазваниеЗначение
  Тип записи a
  Библиографический уровень m
001 Контрольный номер UONB/MAIN/7fa6f13b7f6544669667bd58b2912fc9
005 Дата корректировки 20251121115326.6
010 Индекс ISBN __
d Цена 80 к.
9 Тираж 750 экз.
100 Данные общей обработки __
a Данные общей обработки 20241113d1971 m y0rusy0189 ca
101 Язык документа 0_
a Язык текста rus
102 Страна публикации __
a Страна публикации RU
105 Кодированные данные (монография) __
a Кодированные данные (монография) a z 100yy
200 Заглавие и сведения об ответственности 1_
a Заглавие Архитектура
e Сведения, относящиеся к заглавию материалы к XXIX науч. конференции ЛИСИ. (1-6 февр. 1971 г.)
f Первые сведения об ответственности М-во высш. и сред. спец. образования РСФСР, Ленингр. инж.-строит. ин-т
g Последующие сведения об ответственности отв. ред. В.И. Пилявский
203 Вид содержания и тип средства __
a Вид содержания Текст
b Характеристика содержания визуальный
c Тип средства непосредственный
210 Выходные данные 1_
a Место издания Ленинград
c Издательство [б. и.]
d Дата издания 1971
215 Физическое описание __
a Объем 141 с.
c Иллюстрации/тип воспроизводства ил.
d Формат 20 см
606 Тематические рубрики 0_
a Основная рубрика Архитектура
j Формальный подзаголовок Сборники
606 Тематические рубрики 0_
a Основная рубрика Градостроительство
j Формальный подзаголовок Сборники
610 Ключевые слова 0_
a Ключевые слова архитектура
610 Ключевые слова 0_
a Ключевые слова градостроительство
686 Индексы других классификаций __
a Классификационный индекс 85.11я43
2 Код системы rubbk
702 Вторичная интеллектуальная ответственность _1
a Фамилия Пилявский
b Имя (инициалы) В.И.
g Полное личное имя Владимир Иванович
711 Наименование организации. (Альтернативная ответственность) 12
a Организация/ юрисдикция Научная конференция Ленинградского инженерно-строительного института
d Порядковый номер 29-я
e Место проведения Ленинград
f Дата проведения 1971
4 Код отношения 570
712 Наименование организации (Вторичная ответственность) 02
a Организация/ юрисдикция Министерство высшего и среднего специального образования РСФСР
b Другие уровни Ленинградский инженерно-строительный институт
4 Код отношения 570
801 Источник записи _0
a Страна RU
b Организация Ульяновская ОНБ
c Дата составления 20241113
g Правила каталогизации RCR
801 Источник записи _1
a Страна RU
b Организация Ульяновская ОНБ
c Дата составления 20241113
g Правила каталогизации RCR
901 Тип документа __
t Тип документа m
909 Создатель записи __
a Создатель записи Кадыкова
b Дата создания записи 20241113